|
|
|
|
| LEADER |
00000cab a2200000 ar4500 |
| 001 |
vtls009005859 |
| 003 |
SK-MaSNL |
| 005 |
20260303065713.0 |
| 008 |
070710c2007 xo dr|p|||||||000 ||slo |
| 038 |
|
|
|a PPPK
|
| 040 |
|
|
|a PPPKCL
|b slo
|c PPPK
|e AACR2
|
| 041 |
0 |
|
|a slo
|
| 044 |
|
|
|a xo
|c SK
|
| 080 |
|
|
|a 614.823
|2 2001
|
| 100 |
1 |
|
|a Ondráš, Oliver,
|d 1974-
|4 aut
|9 1033363
|
| 245 |
1 |
0 |
|a Chlapov v jame zasypalo, jeden to neprežil
|c Oliver Ondráš
|
| 300 |
|
|
|b Fotogr.
|
| 650 |
0 |
7 |
|a výkopové práce
|2 SNKPH
|9 82116
|
| 650 |
0 |
7 |
|a úrazy
|2 SNKPH
|9 123733
|
| 651 |
|
7 |
|a Hôrka (Poprad, Slovensko)
|2 pppkcl
|9 159558
|
| 651 |
|
7 |
|a Poprad (Slovensko : okres)
|2 pppkcl
|9 28675
|
| 773 |
0 |
|
|t Tatranský denník Korzár
|g Roč. IX, č. 36 (13.2.2007), s. 3
|x 1335-7573
|
| 852 |
|
|
|a PPPK
|b KIS3GCP
|
| 856 |
|
|
|u www.korzar.sk
|
| 999 |
|
|
|c 1752295
|d 1754225
|